MARC

LEADER 00000nam0a2200000 4500
001 23371
005 20231101205538.0
035 |a (RuTPU)RU\TPU\book\23589 
035 |a BOOK00023662 
090 |a 23371 
100 |a 20011209d1974 km y0rusy50 ca 
101 0 |a fre  |a rus 
102 |a RU 
105 |a y e 000zy 
200 1 |a Французско-русский словарь по машиностроению  |e около 43 000 терминов  |f И. А. Башкиров, Д. Я. Коганов 
210 |a Москва  |c Русский язык  |d 1974 
215 |a 600 с. 
606 1 |a Французский язык  |x Терминологические словари  |2 stltpush  |3 (RuTPU)RU\TPU\subj\16829  |9 42729 
610 1 |a словари 
610 1 |a терминологические словари 
610 1 |a машиностроение 
686 |a Ш147.11-43  |v LBC/SL-A  |2 rubbk 
700 1 |a Башкиров  |b И. А.  |g Иван Александрович 
701 1 |a Коганов  |b Д. Я.  |g Даниил Яковлевич 
801 0 |a RU  |b 63413507  |c 20011209  |g PSBO 
801 2 |a RU  |b 63413507  |c 20161229  |g PSBO 
942 |c BK